| 000 | 00900nam a22002777a 4500 | ||
|---|---|---|---|
| 001 | 3648 | ||
| 003 | FISKH | ||
| 005 | 20250409144553.0 | ||
| 008 | 240402b cb ||||| |||| 00| 0 eng d | ||
| 040 |
_aFISK _beng _cFISK _dFISK |
||
| 050 | _aPZ7.S7242 | ||
| 082 | _a281 | ||
| 100 |
_aSoto Gary _d(1951-) |
||
| 245 |
_aAccidental love / _cGary Soto |
||
| 250 | _aThis edition first published in 2009 | ||
| 260 |
_aNew York : _bScholastic, _c2009 |
||
| 300 |
_a179 pages : _c20 cm |
||
| 505 | _aR | ||
| 520 | _aAfter unexpectedly falling in love with a "nerdy" boy, fourteen-year-old Marisa works to change her life by transferring to another school, altering some of her behavior, and losing weight. | ||
| 521 | 8 |
_a780 _bLexile NP |
|
| 521 | 8 |
_aR
_bRaz-Plus' |
|
| 650 |
_2Love stories _aStar-crossed |
||
| 650 |
_2Latino _aRomance |
||
| 942 |
_2ddc _cBK _n0 |
||
| 999 |
_c3648 _d3648 |
||